000 00547nam a22002177a 4500
003 UA-OsUOA
001 48643
007 ta
008 20070911b un ||||| |||| 00| 0 ukr d
090 _a82.09
_bС47
942 _cBK
040 _aUA-OsUOA
_brus
_cUA-OsUOA
_dUA-OsUOA
245 _aСлавянские литературы
300 _a517 с.
955 _a1
041 _arus
080 _a82.09
260 _aМ.
_bНаука
_c1978
650 7 _a82 Література. Літературознавство
_2UDC
999 _c334745
_d334745